Fundamentals of Organizational Behavior (Record no. 832939)

MARC details
000 -LEADER
fixed length control field 00381pam a2200145 a 4500
020 ## - INTERNATIONAL STANDARD BOOK NUMBER
Terms of availability
041 ## - LANGUAGE CODE
Language code of original
082 ## - DEWEY DECIMAL CLASSIFICATION NUMBER
Classification number 658.4
100 ## - MAIN ENTRY--PERSONAL NAME
Personal name SLOCUM (John W.)/ HELLRIEGEL (Don)
Relator term author
245 ## - TITLE STATEMENT
Title Fundamentals of Organizational Behavior
Medium Textual Document
250 ## - EDITION STATEMENT
Edition statement 4th Rep.
260 ## - PUBLICATION, DISTRIBUTION, ETC.
Name of publisher, distributor, etc. Cengage Learning India Pvt. Ltd New Delhi
Date of publication, distribution, etc. 2009
300 ## - PHYSICAL DESCRIPTION
Extent vi, 478
930 ## - EQUIVALENCE OR CROSS-REFERENCE-UNIFORM TITLE HEADING [LOCAL, CANADA]
Uniform title 3833
Holdings
Withdrawn status Lost status Damaged status Not for loan Collection Home library Current library Date acquired Source of acquisition Cost, normal purchase price Total Checkouts Full call number Barcode Date last seen Copy number Price effective from Koha item type
          Institute of Management & Research, New Delhi Institute of Management & Research, New Delhi 27/04/2011 Global Educational Books 262.50   658.4 IMD-26PB0016750 17/08/2023 2 17/08/2023 Book
          Institute of Management & Research, New Delhi Institute of Management & Research, New Delhi 27/04/2011 Global Educational Books 262.50   658.4 IMD-26PB0016749 17/08/2023 1 17/08/2023 Book